000 00702cam a2200241 a 4500
001 4833158
005 20250115082109.0
008 900518s1990 nyua b 001 0 eng c
020 _a0881676683
050 0 0 _aQP188 .T54
_b.T48 1990
082 0 0 _a612.4/4
_220
245 0 4 _aThe Thyroid gland /
_ceditor, Monte A. Greer.
260 _aNew York :
_bRaven Press,
_cc1990.
300 _axii, 594 p. :
_bill. ;
_c25 cm.
440 0 _aComprehensive endocrinology
650 0 _aThyroid gland.
650 0 _aThyroid gland
_xDiseases.
650 2 _aThyroid Diseases.
650 2 _aThyroid Gland
_xphysiology.
650 2 _aThyroid Hormones
_xphysiology.
700 1 _aGreer, Monte A.
942 _2lcc
_cBK
_n0
999 _c2533
_d2533